000
00308nam a22001337a 4500
008
170213b xxu||||| |||| 00| 0 eng d
020
_a
0316804932
041
_a
eng
080
_a
61
100
_a
4
101
_a
SHM
245
_a
BIRTH DEFECTS AND SPEECH-LANGUAGE DISORDERS
_c
SPARKS, SH.N
942
_2
udc
_c
BK
999
_c
5260
_d
5260